000
00305nam a22001337a 4500
008
170411b xxu||||| |||| 00| 0 eng d
020
_a
01396162333
041
_a
eng
080
_a
612.39
100
_a
9
101
_a
SHM
245
_a
THE WOMAN DOCTOR'S DIET FOR WOMEN
_c
EDELSTEIN, B
942
_2
udc
_c
BK
999
_c
10396
_d
10396